[Event "Forchheim op-B 12th"]
[Site "Forchheim"]
[Date "2013.09.28"]
[Round "3"]
[White "Hartewig, Anja"]
[Black "Wagner, Robert"]
[Result "1/2-1/2"]
[WhiteElo "1782"]
[BlackElo "1834"]
[PlyCount "54"]
[EventDate "2013.09.27"]
[EventType "swiss"]
[EventRounds "5"]
[EventCountry "GER"]
[SourceTitle "EXT 2019"]
[Source "ChessBase"]
[SourceDate "2018.10.10"]
[SourceVersion "1"]
[SourceVersionDate "2018.10.10"]
[SourceQuality "1"]

1. d4 Nf6 2. c4 e6 3. Nf3 b6 4. g3 Bb7 5. Bg2 d5 6. cxd5 Nxd5 7. 0-0 Be7 8. Nbd2 0-0 9. a3 Nd7 10. Re1 c5 11. dxc5 Nxc5 12. Nc4 Rc8 13. Bd2 Ba6 14. Rc1 Ne4 15. Nce5 Bc5 16. Rf1 f6 17. Nd3 Bxd3 18. exd3 Nxd2 19. Qxd2 Qd7 20. Bh3 Bd6 21. Rfe1 Rxc1 22. Qxc1 f5 23. Ng5 Rf6 24. Qc4 Nc7 25. d4 h6 26. Nf3 Qb5 27. Qc3 Qd7 1/2-1/2

[Event "Forchheim op-B 12th"]
[Site "Forchheim"]
[Date "2013.09.27"]
[Round "1"]
[White "Wagner, Robert"]
[Black "Thuerauf, Peter"]
[Result "1-0"]
[WhiteElo "1834"]
[BlackElo "1865"]
[PlyCount "45"]
[EventDate "2013.09.27"]
[EventType "swiss"]
[EventRounds "5"]
[EventCountry "GER"]
[SourceTitle "EXT 2019"]
[Source "ChessBase"]
[SourceDate "2018.10.10"]
[SourceVersion "1"]
[SourceVersionDate "2018.10.10"]
[SourceQuality "1"]

1. d4 d5 2. c4 c6 3. e3 e6 4. Nf3 Nf6 5. Be2 Nbd7 6. Nc3 Bd6 7. 0-0 0-0 8. Qb3 Re8 9. Rd1 Bb8 10. Bd2 Nb6 11. a4 dxc4 12. Bxc4 Nxc4 13. Qxc4 Nd5 14. e4 Nf4 15. Ne2 Nxe2+ 16. Qxe2 b6 17. e5 h6 18. Qe4 Bb7 19. Qg4 Kh8 20. Ra3 c5 21. Ng5 Qxd4 22. Nxf7+ Kh7 23. Qh5 1-0

[Event "Bayernliga 1213 U20"]
[Site "Bayern"]
[Date "2013.03.02"]
[Round "6.4"]
[White "Schackmann, Oliver"]
[Black "Wagner, Robert"]
[Result "1-0"]
[WhiteElo "1902"]
[BlackElo "1750"]
[PlyCount "97"]
[EventDate "2012.10.20"]
[EventType "team-tourn"]
[EventRounds "7"]
[EventCountry "GER"]
[SourceTitle "EXT 2020"]
[Source "ChessBase"]
[SourceDate "2019.10.17"]
[SourceVersion "1"]
[SourceVersionDate "2019.10.17"]
[SourceQuality "1"]
[WhiteTeam "Vaterstetten SC U20"]
[BlackTeam "Forchheim SC U20"]
[WhiteTeamCountry "GER"]
[BlackTeamCountry "GER"]

1. e4 c5 2. Nf3 Nc6 3. d3 d6 4. g3 g6 5. Bg2 Bg7 6. 0-0 e6 7. Re1 Nge7 8. c3 e5 9. Be3 f5 10. exf5 Nxf5 11. d4 cxd4 12. cxd4 Nxe3 13. Rxe3 0-0 14. d5 Nd4 15. h3 Nxf3+ 16. Rxf3 Bf5 17. Nc3 Qb6 18. g4 Bd7 19. Qb3 Qxb3 20. Rxf8+ Kxf8 21. axb3 Ke7 22. Bf1 Bh6 23. Rd1 Rc8 24. Kg2 Rc7 25. Ra1 b6 26. Bd3 Bf4 27. Kf3 Be8 28. Ke2 Kf8 29. Kd1 h6 30. Bb5 Rxc3 31. bxc3 Bxb5 32. c4 Be8 33. Rxa7 b5 34. h4 bxc4 35. bxc4 h5 36. g5 e4 37. Ke2 e3 38. fxe3 Bg3 39. Kf3 Bxh4 40. Kf4 Be1 41. c5 dxc5 42. d6 Bb5 43. Rc7 c4 44. Ke5 Ke8 45. Ke6 Kd8 46. Rb7 Kc8 47. Rxb5 c3 48. d7+ Kc7 49. Rc5+ 1-0